[Event "Tradewise Gibraltar Chess Festival 2013"]
[Site "Gibraltar ENG"]
[Date "2013.01.23"]
[Round "2.24"]
[White "Muzychuk, Anna"]
[Black "Ortega Ruiz, Jose Miguel"]
[Result "1-0"]
[WhiteElo "2582"]
[BlackElo "2349"]
[PlyCount "71"]
[EventDate "2013.01.22"]
[EventType "swiss"]
[EventRounds "10"]
[EventCountry "ENG"]
[Source "lmi"]
[SourceDate "2013.01.22"]

1. e4 e5 2. Nf3 Nc6 3. Bb5 a6 4. Ba4 Nf6 5. O-O b5 6. Bb3 Be7 7. d4 d6 8. c3
Bg4 9. Be3 O-O 10. h3 Bh5 11. Nbd2 d5 12. g4 Bg6 13. Nxe5 Nxe5 14. dxe5 Nxe4
15. Nf3 c6 16. Nd4 Rc8 17. f4 c5 18. Ne2 c4 19. Bc2 f5 20. Nd4 Bc5 21. Nxf5
Bxf5 22. Bxc5 Rxc5 23. gxf5 Ng3 24. f6 gxf6 25. Rf3 Ne4 26. Bxe4 dxe4 27. Rg3+
Kh8 28. e6 Rg8 29. Rxg8+ Qxg8+ 30. Kh1 Rc8 31. Qd7 Qe8 32. Rd1 e3 33. Qxe8+
Rxe8 34. f5 Kg7 35. Kg2 e2 36. Re1 1-0

[Event "Tradewise Gibraltar Chess Festival 2013"]
[Site "Gibraltar ENG"]
[Date "2013.01.23"]
[Round "2.25"]
[White "Forsaa, Espen"]
[Black "Vazquez Igarza, Renier"]
[Result "1-0"]
[WhiteElo "2305"]
[BlackElo "2565"]
[PlyCount "173"]
[EventDate "2013.01.22"]
[EventType "swiss"]
[EventRounds "10"]
[EventCountry "ENG"]
[Source "lmi"]
[SourceDate "2013.01.22"]

1. d4 Nf6 2. c4 e6 3. Nc3 Bb4 4. e3 b6 5. Nge2 c5 6. a3 Ba5 7. Rb1 Na6 8. f3
O-O 9. d5 exd5 10. cxd5 b5 11. Ng3 b4 12. axb4 Nxb4 13. Bc4 d6 14. O-O Rb8 15.
e4 Nd7 16. Kh1 Ne5 17. Be2 c4 18. b3 Qc7 19. bxc4 Nxc4 20. Bf4 Bd7 21. Bxc4
Qxc4 22. Nce2 Nd3 23. Bxd6 Ba4 24. Rxb8 Rxb8 25. Qa1 Rb2 26. Rc1 Rc2 27. Rxc2
Qxc2 28. h3 Bb6 29. Kh2 f6 30. Qa3 Bd7 31. Bb8 Bc5 32. Qa6 h5 33. h4 Bf2 34.
Bxa7 Bc8 35. Qa1 Be1 36. Be3 Kh7 37. Qd4 Bb4 38. Qb6 Be1 39. Qd4 Ne5 40. Bf2
Ba5 41. Qc5 Qxc5 42. Bxc5 g6 43. Nd4 Bd7 44. Bd6 Nc4 45. Bf4 Kg7 46. Nge2 Kf7
47. Kg1 Bb6 48. Kf1 Bc5 49. Nb3 Bb6 50. Ned4 Bc8 51. g3 Ba6 52. Kg2 Nb2 53. Be3
Nd3 54. Nc2 Ne1+ 55. Kf2 Nd3+ 56. Kg1 Bc7 57. Kg2 Bd6 58. Nc1 f5 59. exf5 gxf5
60. Nxd3 Bxd3 61. Nd4 Kf6 62. Bf4 Bc5 63. Ne6 Bb6 64. Bg5+ Ke5 65. Nf4 Bc4 66.
Nxh5 Bxd5 67. Bf6+ Kd6 68. Ng7 Bg8 69. Nxf5+ Ke6 70. Nh6 Bh7 71. Bg5 Bd4 72.
Bf4 Kd5 73. h5 Bg7 74. Ng4 Kd4 75. Nf2 Kd5 76. g4 Bd4 77. Nh3 Bd3 78. Bd2 Bc2
79. Kg3 Ke6 80. Ng5+ Kf6 81. Ne4+ Kf7 82. g5 Bb3 83. Bc3 Be3 84. g6+ Ke6 85.
Kg4 Bc2 86. Ng5+ Ke7 87. g7 1-0

[Event "Tradewise Gibraltar Chess Festival 2013"]
[Site "Gibraltar ENG"]
[Date "2013.01.23"]
[Round "2.26"]
[White "Felgaer, Ruben"]
[Black "Kantorik, Marian"]
[Result "1-0"]
[WhiteElo "2557"]
[BlackElo "2331"]
[PlyCount "73"]
[EventDate "2013.01.22"]
[EventType "swiss"]
[EventRounds "10"]
[EventCountry "ENG"]
[Source "lmi"]
[SourceDate "2013.01.22"]

1. e4 e5 2. Nf3 Nc6 3. Bc4 Be7 4. d4 d6 5. d5 Nb8 6. Bd3 Nf6 7. c4 O-O 8. Nc3
Nbd7 9. Be3 Ng4 10. Bd2 Nc5 11. Bc2 f5 12. h3 Nh6 13. exf5 Nxf5 14. b4 Na6 15.
Ne4 c6 16. O-O cxd5 17. cxd5 h6 18. Rc1 Nc7 19. Bb3 Kh8 20. a4 Ne8 21. Qe2 Bd7
22. Qd3 Nf6 23. g4 Nxe4 24. Qxe4 Rf7 25. Bc2 Qf8 26. Bb1 Bd8 27. Nh2 g6 28.
gxf5 gxf5 29. Qf3 Bxa4 30. Kh1 Rf6 31. Rg1 Qf7 32. Nf1 Bb6 33. Ng3 Rf8 34. Nh5
e4 35. Qg2 Bxf2 36. Bc3 Bxg1 37. Rxg1 1-0

[Event "Tradewise Gibraltar Chess Festival 2013"]
[Site "Gibraltar ENG"]
[Date "2013.01.23"]
[Round "2.27"]
[White "De Haan, Eric"]
[Black "Dzagnidze, Nana"]
[Result "0-1"]
[WhiteElo "2303"]
[BlackElo "2555"]
[PlyCount "60"]
[EventDate "2013.01.22"]
[EventType "swiss"]
[EventRounds "10"]
[EventCountry "ENG"]
[Source "lmi"]
[SourceDate "2013.01.22"]

1. d4 Nf6 2. c4 e6 3. Nc3 Bb4 4. e3 O-O 5. Nge2 Re8 6. a3 Bf8 7. Ng3 d5 8. cxd5
exd5 9. Bd3 b6 10. O-O c5 11. dxc5 bxc5 12. b4 cxb4 13. axb4 Bxb4 14. Bb2 Bg4
15. Qb1 Nbd7 16. Nb5 a5 17. Nd4 Ne5 18. Bc2 Rc8 19. h3 Bd7 20. Ndf5 g6 21. f4
Nc4 22. Bd4 gxf5 23. Nxf5 Bxf5 24. Bxf5 Rc6 25. Rf3 Ne4 26. Qd1 Ncd2 27. Rf1
Nxf1 28. Qh5 Rg6 29. Bxg6 fxg6 30. Qh6 Bf8 0-1

[Event "Tradewise Gibraltar Chess Festival 2013"]
[Site "Gibraltar ENG"]
[Date "2013.01.23"]
[Round "2.28"]
[White "Salem, A.R. Saleh"]
[Black "Fenollar Jorda, Manuel"]
[Result "0-1"]
[WhiteElo "2538"]
[BlackElo "2325"]
[PlyCount "82"]
[EventDate "2013.01.22"]
[EventType "swiss"]
[EventRounds "10"]
[EventCountry "ENG"]
[Source "lmi"]
[SourceDate "2013.01.22"]

1. d4 d5 2. c4 e6 3. Nc3 Nf6 4. cxd5 exd5 5. Bg5 c6 6. e3 Be7 7. Bd3 O-O 8. Qc2
Nbd7 9. Nge2 Re8 10. O-O Nf8 11. f3 Be6 12. e4 dxe4 13. fxe4 Ng4 14. Bxe7 Qxe7
15. Qd2 c5 16. d5 Bd7 17. h3 Ne5 18. Rf2 a6 19. a4 b5 20. axb5 Nxd3 21. Qxd3
axb5 22. Raf1 f6 23. d6 Qe5 24. Rd1 Kh8 25. Qb1 Rec8 26. Rd5 Qe8 27. e5 fxe5
28. Ne4 Qg6 29. Rxe5 Ne6 30. Nf4 Nxf4 31. Rxf4 Bc6 32. Qd1 Re8 33. Rxe8+ Qxe8
34. Qd2 Qe5 35. Ng5 Kg8 36. Nf7 Qe6 37. Ng5 Qe5 38. Rf1 h6 39. d7 Qxg5 40. Qf2
Rd8 41. h4 Qe7 0-1

[Event "Tradewise Gibraltar Chess Festival 2013"]
[Site "Gibraltar ENG"]
[Date "2013.01.23"]
[Round "2.29"]
[White "Chapman, Terry P D"]
[Black "Ibarra Jerez, Jose Carlos"]
[Result "0-1"]
[WhiteElo "2292"]
[BlackElo "2538"]
[PlyCount "82"]
[EventDate "2013.01.22"]
[EventType "swiss"]
[EventRounds "10"]
[EventCountry "ENG"]
[Source "lmi"]
[SourceDate "2013.01.22"]

1. Nf3 d5 2. d4 Nf6 3. c4 e6 4. g3 dxc4 5. Bg2 Bd7 6. Ne5 Bc6 7. Nxc6 Nxc6 8.
O-O Qd7 9. e3 O-O-O 10. Qa4 Nd5 11. Nc3 h5 12. Qxc4 h4 13. Rd1 hxg3 14. hxg3 f5
15. a3 g5 16. Qe2 Nxc3 17. bxc3 e5 18. Rb1 Rh6 19. Bd2 e4 20. f3 exf3 21. Bxf3
Qd6 22. Be1 a6 23. c4 Re8 24. c5 Qe7 25. Bf2 Nd8 26. Qc2 Qh7 27. d5 c6 28. d6
Qd7 29. Rb6 Re5 30. Rdb1 Rh7 31. Qc4 Qe6 32. Qb4 Re4 33. Bxe4 fxe4 34. Rxa6 Qf5
35. Ra8+ Kd7 36. Ra4 Qf3 37. Qxb7+ Nxb7 38. Rxb7+ Ke6 39. Rxh7 Qd1+ 40. Kg2
Qxa4 41. d7 Be7 0-1

[Event "Tradewise Gibraltar Chess Festival 2013"]
[Site "Gibraltar ENG"]
[Date "2013.01.23"]
[Round "2.30"]
[White "Gordon, Stephen J"]
[Black "Arvola, Benjamin"]
[Result "1/2-1/2"]
[WhiteElo "2533"]
[BlackElo "2309"]
[PlyCount "69"]
[EventDate "2013.01.22"]
[EventType "swiss"]
[EventRounds "10"]
[EventCountry "ENG"]
[Source "lmi"]
[SourceDate "2013.01.22"]

1. Nf3 Nf6 2. c4 e6 3. g3 b6 4. Bg2 Bb7 5. O-O c5 6. Nc3 Be7 7. d4 cxd4 8. Qxd4
d6 9. Bg5 a6 10. Bxf6 Bxf6 11. Qf4 Be7 12. Rfd1 Nd7 13. Nd2 Bxg2 14. Kxg2 Ne5
15. Nf3 Qc7 16. Rac1 O-O 17. b3 h6 18. Qe3 Qb7 19. Qe4 Qxe4 20. Nxe4 Rfd8 21.
Rc2 Nxf3 22. Kxf3 b5 23. Rcd2 bxc4 24. bxc4 Rdc8 25. Nxd6 Bxd6 26. Rxd6 Rxc4
27. R1d4 Rxd4 28. Rxd4 Rc8 29. Ra4 Rc6 30. g4 Kf8 31. h4 Ke7 32. g5 h5 33. e3
e5 34. Ke4 Ke6 35. f4 1/2-1/2

[Event "Tradewise Gibraltar Chess Festival 2013"]
[Site "Gibraltar ENG"]
[Date "2013.01.23"]
[Round "2.31"]
[White "Jakubiec, Artur"]
[Black "Vyparina, Matej"]
[Result "1-0"]
[WhiteElo "2518"]
[BlackElo "2305"]
[PlyCount "69"]
[EventDate "2013.01.22"]
[EventType "swiss"]
[EventRounds "10"]
[EventCountry "ENG"]
[Source "lmi"]
[SourceDate "2013.01.22"]

1. g3 g6 2. Bg2 Bg7 3. e4 c5 4. Ne2 Nc6 5. c3 e5 6. d3 Nge7 7. Be3 d6 8. O-O
Be6 9. Nd2 f5 10. d4 cxd4 11. cxd4 f4 12. Bxf4 exf4 13. d5 Bf7 14. dxc6 fxg3
15. cxb7 gxh2+ 16. Kh1 Rb8 17. Nc4 O-O 18. Nxd6 Be6 19. f4 Bxb2 20. Rb1 Ba3 21.
e5 Bxd6 22. Qxd6 Qxd6 23. exd6 Nf5 24. Rfc1 Rfd8 25. Kxh2 Rxd6 26. Rb2 Ne3 27.
Bf3 Nc4 28. Rbc2 Nb6 29. Ng3 Rd3 30. Bg2 Kg7 31. Ne4 Bf5 32. Rc7+ Rd7 33. Rxd7+
Bxd7 34. Nc5 Bb5 35. a4 1-0

[Event "Tradewise Gibraltar Chess Festival 2013"]
[Site "Gibraltar ENG"]
[Date "2013.01.23"]
[Round "2.33"]
[White "Cmilyte, Viktorija"]
[Black "Villuendas Valero, Adrian"]
[Result "1/2-1/2"]
[WhiteElo "2515"]
[BlackElo "2301"]
[PlyCount "77"]
[EventDate "2013.01.22"]
[EventType "swiss"]
[EventRounds "10"]
[EventCountry "ENG"]
[Source "lmi"]
[SourceDate "2013.01.22"]

1. c4 c5 2. Nf3 Nc6 3. Nc3 d6 4. d4 cxd4 5. Nxd4 g6 6. e4 Nf6 7. Be2 Nxd4 8.
Qxd4 Bg7 9. Be3 O-O 10. Qd2 Be6 11. f3 Qa5 12. Rc1 Rfc8 13. b3 a6 14. a4 Nd7
15. Nd5 Qxd2+ 16. Kxd2 Bxd5 17. cxd5 Bb2 18. Rxc8+ Rxc8 19. Rb1 Bc3+ 20. Kd1
Bb4 21. Bd4 Kf8 22. Bd3 Ke8 23. Ke2 Kd8 24. g4 Bc3 25. Be3 Ne5 26. h4 Bb4 27.
Bd4 Bc5 28. Bb2 Kd7 29. g5 Nxd3 30. Kxd3 e5 31. dxe6+ fxe6 32. f4 d5 33. exd5
exd5 34. Rc1 Bf8 35. Rxc8 Kxc8 36. f5 Kd7 37. h5 gxh5 38. g6 hxg6 39. fxg6
1/2-1/2

[Event "Tradewise Gibraltar Chess Festival 2013"]
[Site "Gibraltar ENG"]
[Date "2013.01.23"]
[Round "2.34"]
[White "Garcia Jimenez, Francisco Javi"]
[Black "Harika, Dronavalli"]
[Result "1/2-1/2"]
[WhiteElo "2278"]
[BlackElo "2514"]
[PlyCount "125"]
[EventDate "2013.01.22"]
[EventType "swiss"]
[EventRounds "10"]
[EventCountry "ENG"]
[Source "lmi"]
[SourceDate "2013.01.22"]

1. e4 e5 2. Nf3 Nc6 3. Bc4 Bc5 4. b4 Bxb4 5. c3 Ba5 6. d4 exd4 7. O-O Nge7 8.
Ng5 Ne5 9. Nxf7 Nxf7 10. Bxf7+ Kxf7 11. Qh5+ g6 12. Qxa5 d5 13. cxd4 dxe4 14.
Nc3 Nc6 15. Qa3 Qxd4 16. Qb3+ Be6 17. Qxb7 Qb6 18. Rb1 Qxb7 19. Rxb7 Rhc8 20.
Bf4 Nd8 21. Rxc7+ Rxc7 22. Bxc7 Rc8 23. Nb5 Nb7 24. Rc1 a6 25. Na7 Re8 26. a3
Bd7 27. Bf4 Ke6 28. Rb1 Nc5 29. Rb6+ Kf7 30. Be3 Na4 31. Rxa6 Re6 32. Ra5 Rd6
33. h3 Nc3 34. Rc5 Rd3 35. Nc6 Bxc6 36. Rxc6 Nd5 37. Bc1 Nc3 38. Rc7+ Ke6 39.
Bg5 Nd5 40. Ra7 Kf5 41. h4 e3 42. fxe3 Nxe3 43. Bxe3 Rxe3 44. Ra4 h5 45. Kh2
Rb3 46. g3 Rb2+ 47. Kh3 Kf6 48. Rf4+ Kg7 49. Rf3 Rc2 50. g4 hxg4+ 51. Kxg4 Rg2+
52. Kf4 Rh2 53. Kg3 Ra2 54. Rb3 Kh6 55. Kg4 Rg2+ 56. Rg3 Rf2 57. Rh3 Rc2 58.
Rb3 Ra2 59. Kg3 Ra1 60. Rd3 Ra2 61. Kg4 Ra1 62. Rg3 Rf1 63. Rf3 1/2-1/2

[Event "Tradewise Gibraltar Chess Festival 2013"]
[Site "Gibraltar ENG"]
[Date "2013.01.23"]
[Round "2.35"]
[White "Kanep, Meelis"]
[Black "Tate, Alan"]
[Result "1-0"]
[WhiteElo "2512"]
[BlackElo "2290"]
[PlyCount "55"]
[EventDate "2013.01.22"]
[EventType "swiss"]
[EventRounds "10"]
[EventCountry "ENG"]
[Source "lmi"]
[SourceDate "2013.01.22"]

1. d4 Nf6 2. Nf3 e6 3. c4 b6 4. g3 Bb4+ 5. Bd2 c5 6. Bxb4 cxb4 7. Bg2 Bb7 8.
O-O a5 9. a3 Na6 10. Nbd2 O-O 11. e3 d6 12. Ne1 Bxg2 13. Kxg2 Qd7 14. Nd3 bxa3
15. bxa3 b5 16. Qf3 Rab8 17. Rfc1 Rfc8 18. e4 bxc4 19. Nxc4 d5 20. exd5 exd5
21. Ne3 h6 22. Nf5 Rxc1 23. Rxc1 Rb6 24. Ne5 Qe6 25. Rc8+ Kh7 26. Rf8 Rb7 27.
Nd6 Qxd6 28. Qf5+ 1-0

[Event "Tradewise Gibraltar Chess Festival 2013"]
[Site "Gibraltar ENG"]
[Date "2013.01.23"]
[Round "2.36"]
[White "Gaehwiler, Gabriel"]
[Black "Al-Sayed, Mohammed"]
[Result "0-1"]
[WhiteElo "2269"]
[BlackElo "2507"]
[PlyCount "50"]
[EventDate "2013.01.22"]
[EventType "swiss"]
[EventRounds "10"]
[EventCountry "ENG"]
[Source "lmi"]
[SourceDate "2013.01.22"]

1. e4 c5 2. Nf3 d6 3. d4 cxd4 4. Nxd4 Nf6 5. Nc3 a6 6. Be3 Nbd7 7. f4 e5 8. Nf5
Qc7 9. fxe5 dxe5 10. Qf3 h5 11. Bg5 b5 12. O-O-O Bb7 13. Bxf6 gxf6 14. Bxb5
axb5 15. Nxb5 Qb6 16. Qb3 O-O-O 17. Nfd6+ Kb8 18. Nxf7 Bh6+ 19. Nxh6 Nc5 20.
Qc4 Nxe4 21. Nf5 Rc8 22. Qe2 Rhd8 23. Rhe1 Qe6 24. Qe3 Qxa2 25. Rxd8 Qa1# 0-1

[Event "Tradewise Gibraltar Chess Festival 2013"]
[Site "Gibraltar ENG"]
[Date "2013.01.23"]
[Round "2.37"]
[White "Ju, Wenjun"]
[Black "Palencia, Wilson"]
[Result "1-0"]
[WhiteElo "2505"]
[BlackElo "2282"]
[PlyCount "205"]
[EventDate "2013.01.22"]
[EventType "swiss"]
[EventRounds "10"]
[EventCountry "ENG"]
[Source "lmi"]
[SourceDate "2013.01.22"]

1. d4 d5 2. c4 c6 3. Nf3 Nf6 4. e3 e6 5. Nbd2 Nbd7 6. b3 Bb4 7. Bb2 Ne4 8. a3
Nxd2 9. Nxd2 Bd6 10. e4 O-O 11. e5 Bc7 12. Bd3 dxc4 13. Nxc4 b5 14. Ne3 c5 15.
Ng4 Bb7 16. dxc5 Qh4 17. g3 Qh3 18. Bf1 Bg2 19. Qxd7 Ba5+ 20. b4 Bxf1 21. Ne3
Bg2 22. Nxg2 Qxg2 23. O-O-O Bd8 24. Qxb5 a5 25. Qc4 axb4 26. axb4 Qxf2 27. Kb1
Bc7 28. Rhf1 Qxh2 29. Rd7 Rac8 30. Qa6 Qxg3 31. Rfxf7 Qg6+ 32. Ka2 Qxf7 33.
Rxf7 Kxf7 34. Qb7 Kg8 35. Kb3 h5 36. Bc3 h4 37. Qc6 Rfe8 38. Qe4 Bd8 39. Be1
Be7 40. Kc4 Rf8 41. Bxh4 Bxh4 42. Qxh4 Rf5 43. b5 Rxe5 44. Qd4 Re1 45. b6 Rc1+
46. Kb5 Rb1+ 47. Qb4 Rxb4+ 48. Kxb4 Kf7 49. b7 Rb8 50. c6 g5 51. Kc5 g4 52. c7
Rxb7 53. c8=Q Rb3 54. Qc7+ Kg6 55. Qe5 Rf3 56. Kd6 Rf5 57. Qe4 Kg5 58. Kxe6 Rf3
59. Ke5 Kh4 60. Qh7+ Kg3 61. Ke4 Rf4+ 62. Ke3 Rf3+ 63. Ke2 Rf2+ 64. Ke1 Rf3 65.
Qh5 Kf4 66. Qh4 Kf5 67. Ke2 Rh3 68. Qe7 Rf3 69. Qc5+ Kf4 70. Qd6+ Kf5 71. Qh6
Rh3 72. Qf8+ Kg5 73. Qe7+ Kf5 74. Kf2 Rf3+ 75. Kg2 Rh3 76. Qd7+ Kg5 77. Qd5+
Kf4 78. Qe6 Rg3+ 79. Kf2 Rf3+ 80. Ke2 Kg5 81. Qe5+ Kh4 82. Qg7 Kg3 83. Qh6 Rf2+
84. Ke1 Rf3 85. Qg5 Kh3 86. Qh5+ Kg3 87. Qh6 Rf5 88. Ke2 Rf2+ 89. Ke3 Rf3+ 90.
Ke4 Rf2 91. Qh1 Rf4+ 92. Ke5 Rf3 93. Qg1+ Kh3 94. Ke4 Kh4 95. Qg2 Kg5 96. Qh2
Rh3 97. Qf4+ Kh5 98. Qe5+ Kh4 99. Kf5 Rf3+ 100. Kg6 Kh3 101. Kg5 Rg3 102. Qh8+
Kg2 103. Kf4 1-0

[Event "Tradewise Gibraltar Chess Festival 2013"]
[Site "Gibraltar ENG"]
[Date "2013.01.23"]
[Round "2.38"]
[White "Tari, Aryan"]
[Black "Gallagher, Joseph G"]
[Result "0-1"]
[WhiteElo "2268"]
[BlackElo "2499"]
[PlyCount "72"]
[EventDate "2013.01.22"]
[EventType "swiss"]
[EventRounds "10"]
[EventCountry "ENG"]
[Source "lmi"]
[SourceDate "2013.01.22"]

1. e4 c5 2. Nf3 d6 3. d4 cxd4 4. Nxd4 Nf6 5. Nc3 a6 6. Bg5 Nc6 7. Qd2 e6 8.
O-O-O Bd7 9. f4 b5 10. Bxf6 gxf6 11. Nxc6 Bxc6 12. f5 Qb6 13. fxe6 fxe6 14. Qf4
Rg8 15. Qxf6 Rg6 16. Qh4 b4 17. Nd5 Qd8 18. Qxh7 Qg5+ 19. Kb1 exd5 20. exd5 Bd7
21. Bd3 Rh6 22. Qe4+ Kf7 23. Qxb4 Kg8 24. h4 Qd8 25. g4 Rb8 26. Qd2 Bg7 27. c3
Qa5 28. Rc1 Rf6 29. h5 Rf3 30. h6 Be5 31. Ka1 Kh8 32. Qe2 Qb6 33. Rb1 Rf2 34.
Qe4 Bf5 35. gxf5 Bxc3 36. bxc3 Rxa2+ 0-1

[Event "Tradewise Gibraltar Chess Festival 2013"]
[Site "Gibraltar ENG"]
[Date "2013.01.23"]
[Round "2.39"]
[White "Mastrovasilis, Athanasios"]
[Black "Diaz Velandia, Jose Manuel"]
[Result "1-0"]
[WhiteElo "2498"]
[BlackElo "2271"]
[PlyCount "113"]
[EventDate "2013.01.22"]
[EventType "swiss"]
[EventRounds "10"]
[EventCountry "ENG"]
[Source "lmi"]
[SourceDate "2013.01.22"]

1. d4 d5 2. Nf3 Nf6 3. c4 e6 4. g3 c6 5. Bg2 Nbd7 6. O-O Be7 7. Nc3 O-O 8. Bf4
Nh5 9. Bc1 f5 10. Ne1 Nhf6 11. Nd3 Nb6 12. c5 Nbd7 13. Nf4 Nb8 14. Rb1 Ne4 15.
Nxe4 fxe4 16. Be3 Bf6 17. f3 exf3 18. Rxf3 Qe8 19. Bh3 Na6 20. Nd3 e5 21. Bxc8
e4 22. Bxb7 exf3 23. Qd2 fxe2 24. Bxa8 Qe4 25. Qxe2 Bxd4 26. Re1 Rxa8 27. Bxd4
Qxd4+ 28. Qe3 Qxe3+ 29. Rxe3 Rb8 30. Re6 Rc8 31. b4 Nb8 32. Re7 a6 33. Rb7 Re8
34. Kf2 h6 35. h4 Rd8 36. Ne5 Re8 37. Ng6 h5 38. Nf4 a5 39. bxa5 Na6 40. Nd3 d4
41. Rd7 Rf8+ 42. Ke2 Rb8 43. Ra7 Nb4 44. Nxb4 Rxb4 45. Kd3 Ra4 46. Ra6 Kf7 47.
Rxc6 Rxa5 48. Kxd4 Rxa2 49. Rc7+ Kg6 50. c6 Ra4+ 51. Kd5 Ra5+ 52. Kd6 Ra3 53.
Rb7 Rd3+ 54. Ke7 Rxg3 55. Rb5 Rc3 56. Kd6 Kf6 57. c7 1-0

[Event "Tradewise Gibraltar Chess Festival 2013"]
[Site "Gibraltar ENG"]
[Date "2013.01.23"]
[Round "2.40"]
[White "Amato, Andrea"]
[Black "Gunina, Valentina"]
[Result "0-1"]
[WhiteElo "2259"]
[BlackElo "2490"]
[PlyCount "46"]
[EventDate "2013.01.22"]
[EventType "swiss"]
[EventRounds "10"]
[EventCountry "ENG"]
[Source "lmi"]
[SourceDate "2013.01.22"]

1. Nf3 d5 2. d4 Nf6 3. c4 c6 4. Nbd2 Bf5 5. g3 e6 6. Bg2 Nbd7 7. O-O Bd6 8. b3
O-O 9. Bb2 Qe7 10. Ne5 Rfd8 11. e3 Bxe5 12. dxe5 Ng4 13. cxd5 exd5 14. Qf3 Qe6
15. Bh3 Nxe3 16. Bxf5 Nxf5 17. Qh5 d4 18. f4 Ne3 19. Nf3 Nxf1 20. f5 Qd5 21.
Rxf1 Nxe5 22. Nxd4 Qe4 23. f6 Rxd4 0-1

[Event "Tradewise Gibraltar Chess Festival 2013"]
[Site "Gibraltar ENG"]
[Date "2013.01.23"]
[Round "2.41"]
[White "Paehtz, Elisabeth"]
[Black "Adrian, Claude"]
[Result "1-0"]
[WhiteElo "2482"]
[BlackElo "2260"]
[PlyCount "91"]
[EventDate "2013.01.22"]
[EventType "swiss"]
[EventRounds "10"]
[EventCountry "ENG"]
[Source "lmi"]
[SourceDate "2013.01.22"]

1. e4 e6 2. d4 d5 3. e5 c5 4. c3 Qb6 5. Nf3 Nc6 6. a3 Nh6 7. b4 cxd4 8. cxd4
Nf5 9. Bb2 Be7 10. Bd3 a5 11. Qa4 O-O 12. b5 Nh4 13. Nxh4 Bxh4 14. O-O f5 15.
Nd2 Na7 16. Bc3 Bd7 17. Rab1 Qd8 18. Qxa5 Qc8 19. Qb4 Nxb5 20. Bxb5 Bxb5 21.
Qxb5 Qxc3 22. Nf3 Bd8 23. Qxb7 Qxa3 24. h4 h6 25. Rfc1 Ra7 26. Qc8 Qe7 27. Rc6
Kf7 28. Rb8 Rc7 29. Qa6 Rxc6 30. Qxc6 Kg8 31. h5 Qe8 32. Qxe8 Rxe8 33. Nh4 Kf7
34. Ng6 Ba5 35. Rb7+ Kg8 36. Rb3 Bd2 37. f4 Ba5 38. Kf2 Bd8 39. g4 fxg4 40. Kg3
Ba5 41. Kxg4 Bd2 42. f5 exf5+ 43. Kxf5 Bg5 44. Rb5 Ra8 45. Rxd5 Ra1 46. Rb5 1-0

[Event "Tradewise Gibraltar Chess Festival 2013"]
[Site "Gibraltar ENG"]
[Date "2013.01.23"]
[Round "2.42"]
[White "Nazarenus, Moritz"]
[Black "Oparin, Grigoriy"]
[Result "0-1"]
[WhiteElo "2248"]
[BlackElo "2478"]
[PlyCount "122"]
[EventDate "2013.01.22"]
[EventType "swiss"]
[EventRounds "10"]
[EventCountry "ENG"]
[Source "lmi"]
[SourceDate "2013.01.22"]

1. d4 Nf6 2. Nf3 d5 3. Bg5 Ne4 4. Bf4 c5 5. e3 Nc6 6. c3 Qb6 7. Qb3 Qxb3 8.
axb3 f6 9. Bb5 g5 10. Bc7 e6 11. Nbd2 Nxd2 12. Nxd2 cxd4 13. exd4 Bd7 14. Be2
e5 15. dxe5 fxe5 16. Nf3 Bg7 17. Nxg5 Ke7 18. f4 e4 19. c4 Rhc8 20. cxd5 Rxc7
21. Nxe4 Kf8 22. dxc6 Bxc6 23. Ng5 Re8 24. f5 Bxb2 25. Ne6+ Rxe6 26. fxe6 Bc3+
27. Kf2 Bd4+ 28. Kg3 Rg7+ 29. Kf4 Bxa1 30. Rxa1 Rxg2 31. Bg4 Ke7 32. Rxa7 Rxh2
33. Ra8 Bd5 34. Rb8 h5 35. Rh8 Bxe6 36. Rxh5 Rf2+ 37. Kg3 Bxg4 38. Kxg4 Kd6 39.
Kg3 Rb2 40. Kf3 Rxb3+ 41. Ke4 Rc3 42. Kd4 Rc1 43. Rh6+ Kc7 44. Rg6 b6 45. Kd5
Kb7 46. Rg2 Rc5+ 47. Kd4 Kc6 48. Rg1 Kb7 49. Rb1 Rc6 50. Kd5 Rc2 51. Kd4 Kc6
52. Kd3 Rc5 53. Kd4 b5 54. Rb4 Rc1 55. Kd3 Kc5 56. Rb2 Rc4 57. Ra2 Kb4 58. Ra1
Rc3+ 59. Kd2 Kc4 60. Rb1 b4 61. Kd1 b3 0-1

[Event "Tradewise Gibraltar Chess Festival 2013"]
[Site "Gibraltar ENG"]
[Date "2013.01.23"]
[Round "2.43"]
[White "Tischbierek, Raj"]
[Black "Scharrer, Patrick"]
[Result "1-0"]
[WhiteElo "2472"]
[BlackElo "2248"]
[PlyCount "103"]
[EventDate "2013.01.22"]
[EventType "swiss"]
[EventRounds "10"]
[EventCountry "ENG"]
[Source "lmi"]
[SourceDate "2013.01.22"]

1. d4 d6 2. g3 g6 3. Bg2 Bg7 4. e4 Nd7 5. Ne2 e5 6. O-O exd4 7. Nxd4 Ngf6 8.
Nc3 O-O 9. h3 Re8 10. Re1 Nc5 11. Nb3 Ncd7 12. a4 Ne5 13. f4 Nc6 14. Be3 Bd7
15. Qd2 a6 16. Bf2 h5 17. a5 Na7 18. e5 dxe5 19. fxe5 Nh7 20. Rad1 Nf8 21. Nc5
Bc6 22. Qxd8 Raxd8 23. Rxd8 Rxd8 24. Nxb7 Rd2 25. Ne4 Rxc2 26. Nd8 Bxe4 27.
Bxe4 Rd2 28. Bxa7 Rxd8 29. Bb7 Ne6 30. b4 Nd4 31. Kf1 Nc2 32. Re4 Rd1+ 33. Ke2
Rb1 34. Bc5 Bf8 35. Bxa6 Nxb4 36. Bxf8 Nxa6 37. Be7 c5 38. g4 Rb2+ 39. Kd1 Rb3
40. gxh5 gxh5 41. Rh4 Kg7 42. Rxh5 Ra3 43. Rg5+ Kh6 44. Rf5 Rxa5 45. Rxf7 c4
46. Bd6 Nc5 47. e6 Ne4 48. Bb4 Rd5+ 49. Kc2 Kg6 50. Rf8 Nf6 51. e7 Re5 52.
Rxf6+ 1-0

[Event "Tradewise Gibraltar Chess Festival 2013"]
[Site "Gibraltar ENG"]
[Date "2013.01.23"]
[Round "2.44"]
[White "Storey, Charles H"]
[Black "Muzychuk, Mariya"]
[Result "0-1"]
[WhiteElo "2245"]
[BlackElo "2471"]
[PlyCount "156"]
[EventDate "2013.01.22"]
[EventType "swiss"]
[EventRounds "10"]
[EventCountry "ENG"]
[Source "lmi"]
[SourceDate "2013.01.22"]

1. g3 f5 2. c4 Nf6 3. Bg2 g6 4. Nc3 Bg7 5. Nf3 O-O 6. d3 d6 7. Rb1 Nh5 8. Qb3
Kh8 9. Nd5 c6 10. Nf4 Nxf4 11. gxf4 Nd7 12. h4 Nf6 13. Bd2 Qc7 14. Bc3 Bd7 15.
c5 dxc5 16. e3 Qb6 17. Qc2 Be6 18. b3 Bd5 19. Ke2 Rad8 20. Rbg1 Qa6 21. Ne5 Nh5
22. Bf3 Bxf3+ 23. Kxf3 Rd5 24. Rg5 Bf6 25. Rhg1 b5 26. Ke2 Qc8 27. Kf1 Ng7 28.
Qe2 Bxg5 29. hxg5 Kg8 30. Rh1 Qe6 31. Ba1 Rfd8 32. Qb2 Rxe5 33. Qxe5 Qxe5 34.
Bxe5 Rxd3 35. Ke2 Rd5 36. a4 Ne6 37. axb5 cxb5 38. Ra1 Nxg5 39. Rxa7 Kf7 40.
Rb7 b4 41. fxg5 Rxe5 42. Kd3 Rd5+ 43. Ke2 Ke8 44. f4 Rd7 45. Rb5 Rd5 46. Rb8+
Kd7 47. Rh8 Rd6 48. Rxh7 Ra6 49. Kd3 Ra1 50. Kc4 Rc1+ 51. Kd5 Rc3 52. Rg7 Rxe3
53. Kxc5 Rxb3 54. Rxg6 Rf3 55. Kxb4 Rxf4+ 56. Kc5 Ke8 57. Rg7 Kf8 58. Rh7 Re4
59. Kd5 Kg8 60. g6 e6+ 61. Kd6 Rg4 62. Ke5 Rxg6 63. Rh1 Kg7 64. Rh2 Rg1 65.
Kxe6 Kg6 66. Rf2 Re1+ 67. Kd5 Kg5 68. Kd4 f4 69. Kd3 Kg4 70. Kd2 Re7 71. Rg2+
Kf3 72. Rg8 Kf2 73. Rd8 f3 74. Rd6 Kg2 75. Rg6+ Kf1 76. Rf6 f2 77. Rf8 Rg7 78.
Ke3 Kg1 0-1